| 000 | 00764nam a2200205 a 4500 | ||
|---|---|---|---|
| 005 | 20170421020002.0 | ||
| 008 | 151210b2006 ck |||||r|||| 00| 0 spa d | ||
| 040 |
_aCO-BoIAVH _cCO-BoIAVH |
||
| 041 | 0 | _aspa | |
| 044 | _ack | ||
| 090 |
_aFG- _b0016 |
||
| 100 | 1 | _aMompotes, Claudia Ximena | |
| 245 | 1 | 0 |
_aProtejamos nuestra madre tierra _bkiwe' Kwe'sx uma' ew ipe'jeka |
| 260 |
_aValle del Cauca : _bCRIC : _bCRC, _c2006. |
||
| 300 |
_a32 páginas : _bilustraciones, fotografías a color ; _c23 x 17 cm. |
||
| 504 | _aIncluye referencias bibliográficas. | ||
| 650 | 6 |
_aUso del suelo _xComunidades _zValle del Cauca (Departamento, Colombia) |
|
| 650 | 4 |
_aComunidades indígenas _zValle del Cauca (Departamento, Colombia) |
|
| 942 |
_cLIBRO _2ddc _01 |
||
| 999 |
_c5955 _d5955 |
||